[Event "Titled Tuesday intern op 26th Nov Late"]
[Site "Chess.com INT"]
[Date "2024.11.26"]
[Round "7"]
[White "Kollars, Dmitrij"]
[Black "Lopez Mulet, Inigo"]
[Result "1-0"]
[WhiteElo "2641"]
[BlackElo "2388"]
[PlyCount "79"]
[EventDate "2024.11.26"]
[EventType "swiss (blitz)"]
[EventRounds "11"]
[EventCountry "USA"]
[SourceTitle "CB49_2024"]
[SourceDate "2024.12.04"]
[SourceVersion "1"]
[SourceVersionDate "2024.12.04"]
[SourceQuality "1"]

1. e4 e6 2. d4 d5 3. Nd2 Be7 4. Ngf3 Nf6 5. e5 Nfd7 6. Bd3 c5 7. c3 Nc6 8. 0-0 g5 9. Qe2 g4 10. Ne1 h5 11. Qe3 Qb6 12. Nc2 a5 13. f4 f5 14. exf6 Nxf6 15. Kh1 Bd7 16. Nb3 c4 17. Bg6+ Kd8 18. Nc5 Bxc5 19. dxc5 Qa7 20. Nd4 Nxd4 21. Qxd4 Rf8 22. f5 Ne4 23. Bh6 Rxf5 24. Bxf5 exf5 25. Rxf5 Bxf5 26. Qxd5+ Bd7 27. Qxe4 Qxc5 28. Qxb7 Ra7 29. Qb8+ Bc8 30. Bg5+ Ke8 31. Re1+ Kf7 32. Be3 Re7 33. Rf1+ Qf5 34. Rxf5+ Bxf5 35. Qf4 Ke6 36. Qxc4+ Kf6 37. Qd4+ Kg6 38. Kg1 Re4 39. Qd6+ Re6 40. Qf4 1-0

[Event "Titled Tuesday intern op 26th Nov Late"]
[Site "Chess.com INT"]
[Date "2024.11.26"]
[Round "8"]
[White "Lopez Mulet, Inigo"]
[Black "Mekhitarian, Krikor Sevag"]
[Result "1/2-1/2"]
[WhiteElo "2388"]
[BlackElo "2562"]
[PlyCount "130"]
[EventDate "2024.11.26"]
[EventType "swiss (blitz)"]
[EventRounds "11"]
[EventCountry "USA"]
[SourceTitle "CB49_2024"]
[SourceDate "2024.12.04"]
[SourceVersion "1"]
[SourceVersionDate "2024.12.04"]
[SourceQuality "1"]

1. d4 Nf6 2. Bf4 d5 3. e3 c5 4. Nf3 Nc6 5. Nbd2 Bg4 6. h3 Bxf3 7. Nxf3 e6 8. Be2 Bd6 9. Bxd6 Qxd6 10. 0-0 0-0 11. c3 e5 12. dxe5 Nxe5 13. Nxe5 Qxe5 14. Bf3 Rfd8 15. Qa4 Rd6 16. Rfd1 b6 17. Rd2 a5 18. Rad1 Rad8 19. Qb5 g5 20. c4 dxc4 21. Rxd6 Rxd6 22. Rxd6 Qxd6 23. Qxc4 Kg7 24. g3 Kf8 25. Qc3 h6 26. Kg2 Ke7 27. a3 Nd7 28. Qc2 Qe5 29. Qd2 f5 30. Qc2 Nf6 31. Qb3 Qd6 32. Qc3 g4 33. hxg4 fxg4 34. Bxg4 b5 35. Bf3 b4 36. axb4 axb4 37. Qc4 Qe5 38. b3 Qc3 39. Be2 Qxc4 40. Bxc4 Ne4 41. Bg8 Nd2 42. f4 Kf8 43. Bd5 c4 44. bxc4 b3 45. c5 b2 46. Ba2 Ke7 47. g4 Ne4 48. Bb1 Nxc5 49. Kf3 Na4 50. g5 hxg5 51. fxg5 Nc3 52. Bc2 Ke6 53. Kf4 Kf7 54. e4 Ke7 55. Ke3 Ke6 56. Kd3 b1Q 57. Bxb1 Nxb1 58. g6 Kf6 59. Kd4 Kxg6 60. Ke5 Kf7 61. Kd6 Ke8 62. e5 Nd2 63. e6 Nf3 64. Kd5 Ng5 65. Kd6 Nxe6 1/2-1/2

[Event "Titled Tuesday intern op 26th Nov Late"]
[Site "Chess.com INT"]
[Date "2024.11.26"]
[Round "1"]
[White "Vargas Benavides, Mauricio"]
[Black "Lopez Mulet, Inigo"]
[Result "0-1"]
[WhiteElo "2000"]
[BlackElo "2388"]
[PlyCount "180"]
[EventDate "2024.11.26"]
[EventType "swiss (blitz)"]
[EventRounds "11"]
[EventCountry "USA"]
[SourceTitle "CB49_2024"]
[SourceDate "2024.12.04"]
[SourceVersion "1"]
[SourceVersionDate "2024.12.04"]
[SourceQuality "1"]

1. e3 b6 2. Be2 Bb7 3. Bf3 Nc6 4. d4 e6 5. Ne2 h5 6. 0-0 g5 7. Bxc6 Bxc6 8. c4 h4 9. d5 Bb7 10. Nbc3 Bg7 11. e4 g4 12. Be3 Qe7 13. Bd4 e5 14. Be3 Bh6 15. Nb5 d6 16. Nec3 a6 17. Na3 g3 18. h3 gxf2+ 19. Bxf2 Bf4 20. Nc2 0-0-0 21. Be3 Bxe3+ 22. Nxe3 Kb8 23. Nf5 Qg5 24. Qg4 Qxg4 25. hxg4 Nf6 26. Ne3 Nd7 27. Rxf7 Nc5 28. Raf1 Nd3 29. b3 Bc8 30. Rg7 Rdg8 31. Rff7 Rxg7 32. Rxg7 h3 33. gxh3 Rxh3 34. Ncd1 Nc5 35. Kg2 Rh8 36. Nf2 b5 37. cxb5 axb5 38. g5 Rh4 39. Nf5 Rf4 40. Ng3 c6 41. dxc6 Ne6 42. Rg8 Kc7 43. g6 Rf6 44. Nf5 Nf4+ 45. Kf3 Nxg6 46. Ng4 Nh4+ 47. Ke2 Rf7 48. Nxh4 Rf4 49. Ng2 Rxg4 50. Rxg4 Bxg4+ 51. Kd3 Kxc6 52. Ne3 Be6 53. Nc2 Kc5 54. Kc3 Bg4 55. b4+ Kc6 56. a3 Be2 57. Ne3 Kd7 58. Nd5 Ke6 59. Nc7+ Kf6 60. Nd5+ Kg5 61. Kd2 Bc4 62. Nb6 Be6 63. Ke3 Kg4 64. a4 bxa4 65. Nxa4 Kg5 66. b5 Bd7 67. b6 Bc6 68. Nc3 Kf6 69. Nd5+ Ke6 70. Nb4 Bb7 71. Kd3 Kd7 72. Ke3 Kd8 73. Kd3 Bc8 74. Kc4 Bb7 75. Kd3 Kc8 76. Ke3 Kb8 77. Kd3 Bc8 78. Kc4 Bb7 79. Kd3 Ba8 80. Ke3 Kb7 81. Nd5 Ka6 82. Nc7+ Kxb6 83. Nxa8+ Kb7 84. Kd3 Kxa8 85. Kc4 Kb7 86. Kd5 Kc7 87. Ke6 Kc6 88. Kf6 Kc5 89. Ke6 Kd4 90. Kf5 Ke3 0-1

[Event "Titled Tuesday intern op 27th Aug Early"]
[Site "Chess.com INT"]
[Date "2024.08.27"]
[Round "4"]
[White "Lopez Mulet, Inigo"]
[Black "Kracht, Raphael"]
[Result "0-1"]
[WhiteElo "2420"]
[BlackElo "2177"]
[PlyCount "172"]
[EventDate "2024.08.27"]
[EventType "swiss (blitz)"]
[EventRounds "11"]
[EventCountry "USA"]
[SourceTitle "EXT 2025"]
[Source "ChessBase"]
[SourceDate "2024.10.14"]
[SourceVersion "1"]
[SourceVersionDate "2024.10.14"]
[SourceQuality "1"]

1. e4 c6 2. c4 g6 3. Nc3 Bg7 4. h4 h5 5. g3 Nf6 6. Bg2 d6 7. Nge2 0-0 8. b4 Bg4 9. Bb2 Nbd7 10. Qc2 e5 11. d4 exd4 12. Nxd4 c5 13. bxc5 dxc5 14. Nde2 Ne5 15. Nd5 Nxd5 16. cxd5 Bf3 17. 0-0 Bxg2 18. Kxg2 Rc8 19. Rad1 b5 20. Rfe1 Qb6 21. Nf4 c4 22. Bd4 Qb7 23. Qc3 b4 24. Qa1 c3 25. Rb1 a5 26. Bxc3 Qe7 27. Bd4 Rc2 28. Rbc1 Rfc8 29. Rxc2 Rxc2 30. Rc1 Rxc1 31. Qxc1 Ng4 32. Bxg7 Kxg7 33. Qb2+ Kh7 34. Qd4 a4 35. Nd3 b3 36. axb3 axb3 37. e5 Qb7 38. f3 Nh6 39. d6 Nf5 40. Qc3 Ne3+ 41. Kh2 Qxf3 42. Qb2 Ng4+ 43. Kg1 Qxg3+ 44. Kf1 Qxd3+ 45. Ke1 Qc2 46. Qxc2 bxc2 47. Kd2 Nxe5 48. Kxc2 Kg8 49. Kc3 Kf8 50. Kd4 Nd7 51. Kd5 Ke8 52. Kc6 Ne5+ 53. Kd5 Nd7 54. Kc6 Kd8 55. Kd5 Nf6+ 56. Kc6 Ne8 57. d7 Nf6 58. Kd6 Nxd7 59. Kd5 Ke7 60. Ke4 f6 61. Kf4 Kf7 62. Ke4 Nf8 63. Kf4 Ne6+ 64. Ke4 g5 65. hxg5 fxg5 66. Kf5 h4 67. Kg4 Kg6 68. Kh3 Kh5 69. Kh2 g4 70. Kg2 h3+ 71. Kh2 Kh4 72. Kh1 g3 73. Kg1 Ng5 74. Kh1 Ne4 75. Kg1 h2+ 76. Kg2 Nf2 77. Kf3 h1Q+ 78. Ke3 Qe4+ 79. Kd2 Ng4 80. Kc1 Qg2 81. Kd1 Qf2 82. Kc1 Qe2 83. Kb1 Qd2 84. Ka1 Ne5 85. Kb1 Nc4 86. Ka1 Qb2# 0-1

[Event "Titled Tuesday intern op 27th Aug Early"]
[Site "Chess.com INT"]
[Date "2024.08.27"]
[Round "2"]
[White "Lopez Mulet, Inigo"]
[Black "Schmakel, Sam A"]
[Result "0-1"]
[WhiteElo "2420"]
[BlackElo "2449"]
[PlyCount "60"]
[EventDate "2024.08.27"]
[EventType "swiss (blitz)"]
[EventRounds "11"]
[EventCountry "USA"]
[SourceTitle "EXT 2025"]
[Source "ChessBase"]
[SourceDate "2024.10.14"]
[SourceVersion "1"]
[SourceVersionDate "2024.10.14"]
[SourceQuality "1"]

1. c4 e6 2. Nf3 d5 3. e3 Nf6 4. b3 b6 5. Bb2 Bb7 6. Ne5 Nbd7 7. f4 Nxe5 8. fxe5 Ne4 9. Be2 Qh4+ 10. g3 Nxg3 11. hxg3 Qxh1+ 12. Kf2 Qh2+ 13. Kf1 Qxg3 14. Bf3 0-0-0 15. Nc3 dxc4 16. Bxb7+ Kxb7 17. bxc4 Bc5 18. Ne4 Qh3+ 19. Kf2 Bxe3+ 20. Ke2 Bd4 21. Bxd4 Rxd4 22. d3 Qh2+ 23. Nf2 Qxe5+ 24. Kd2 Qf4+ 25. Ke2 Kb8 26. Qh1 Qf5 27. a3 Rf4 28. Rf1 Rd8 29. a4 Rxf2+ 30. Ke3 Rxd3# 0-1

[Event "ESP-ch Rapid"]
[Site "Mengibar"]
[Date "2024.08.17"]
[Round "5"]
[White "Lopez Mulet, Inigo"]
[Black "Laiz Ibanez, Hector"]
[Result "1/2-1/2"]
[WhiteElo "2420"]
[BlackElo "2325"]
[PlyCount "108"]
[EventDate "2024.08.17"]
[EventType "swiss (rapid)"]
[EventRounds "10"]
[EventCountry "ESP"]
[SourceTitle "CBM 221 Extra"]
[Source "ChessBase"]
[SourceDate "2024.09.30"]
[SourceVersion "1"]
[SourceVersionDate "2024.09.30"]
[SourceQuality "1"]

1. Nf3 Nf6 2. g3 d5 3. Bg2 e6 4. 0-0 c5 5. c4 d4 6. e3 Nc6 7. exd4 cxd4 8. d3 Be7 9. Na3 0-0 10. Nc2 Re8 11. Re1 h6 12. Rb1 a5 13. Bf4 Bf8 14. Ne5 Ra6 15. a3 g5 16. Bd2 Nxe5 17. Rxe5 Nd7 18. Rb5 Bg7 19. b4 axb4 20. axb4 Qc7 21. Ra1 Rxa1 22. Qxa1 e5 23. Qa5 b6 24. Qa8 e4 25. Bxe4 Nf6 26. Qc6 Qxc6 27. Bxc6 Re2 28. Rxb6 Bh3 29. Bg2 Bxg2 30. Kxg2 Rxd2 31. Nxd4 Ng4 32. Kf3 Bxd4 33. Rb8+ Kg7 34. Kxg4 Rxf2 35. h4 Kg6 36. Rg8+ Bg7 37. hxg5 hxg5 38. Rxg7+ Kxg7 39. Kxg5 Rd2 40. Kf4 Kf6 41. Ke4 Ke6 42. Kd4 Kd6 43. b5 Rc2 44. g4 f6 45. Ke4 Rf2 46. d4 Rb2 47. c5+ Kd7 48. b6 Kc6 49. Kf5 Rd2 50. Kxf6 Rxd4 51. g5 Kxc5 52. b7 Rb4 53. g6 Rxb7 54. g7 Rxg7 1/2-1/2

[Event "ESP-chT CECLUB Div2"]
[Site "Linares"]
[Date "2024.08.14"]
[Round "5.7"]
[White "Lopez Mulet, Inigo"]
[Black "Ingunza Curro, Andres"]
[Result "1-0"]
[WhiteElo "2420"]
[BlackElo "2313"]
[PlyCount "63"]
[EventDate "2024.08.11"]
[EventType "team-swiss"]
[EventRounds "7"]
[EventCountry "ESP"]
[SourceTitle "CBM 221 Extra"]
[Source "ChessBase"]
[SourceDate "2024.09.30"]
[SourceVersion "1"]
[SourceVersionDate "2024.09.30"]
[SourceQuality "1"]
[WhiteTeam "Silla Integrant II"]
[BlackTeam "Ciudad de Huelva"]
[WhiteTeamCountry "ESP"]
[BlackTeamCountry "ESP"]

1. Nf3 Nf6 2. g3 e6 3. Bg2 d5 4. 0-0 Be7 5. c4 0-0 6. b3 d4 7. e3 c5 8. Ne5 Qc7 9. f4 Nfd7 10. Nd3 Nc6 11. Bb2 Bf6 12. Na3 a6 13. Nc2 Qd6 14. Qe2 e5 15. exd4 exd4 16. Qf3 a5 17. Na3 Ra6 18. Nb5 Qb8 19. Ba3 Nb4 20. Bxb4 axb4 21. a3 bxa3 22. Rxa3 Be7 23. Re1 Re8 24. g4 Kf8 25. g5 Nb6 26. Qh5 Kg8 27. Ne5 g6 28. Qh4 Bf8 29. Be4 Bg7 30. Rxa6 Rxe5 31. Rxb6 Re7 32. Nd6 1-0

[Event "ESP-chT CECLUB Div2"]
[Site "Linares"]
[Date "2024.08.13"]
[Round "4.2"]
[White "Grieve, Harry"]
[Black "Lopez Mulet, Inigo"]
[Result "1-0"]
[WhiteElo "2479"]
[BlackElo "2420"]
[PlyCount "171"]
[EventDate "2024.08.11"]
[EventType "team-swiss"]
[EventRounds "7"]
[EventCountry "ESP"]
[SourceTitle "CBM 221 Extra"]
[Source "ChessBase"]
[SourceDate "2024.09.30"]
[SourceVersion "1"]
[SourceVersionDate "2024.09.30"]
[SourceQuality "1"]
[WhiteTeam "Ebano Barrio Nuevo"]
[BlackTeam "Silla Integrant II"]
[WhiteTeamCountry "ESP"]
[BlackTeamCountry "ESP"]

1. e4 c6 2. d4 d5 3. Nd2 dxe4 4. Nxe4 Nf6 5. Nxf6+ exf6 6. c3 Bd6 7. Bd3 0-0 8. Qc2 Re8+ 9. Ne2 h5 10. 0-0 h4 11. Nf4 Nd7 12. Qd1 Nf8 13. Qh5 f5 14. Bd2 g6 15. Qh6 Qf6 16. g3 hxg3 17. hxg3 Qh8 18. Qxh8+ Kxh8 19. Kg2 Ne6 20. Rh1+ Kg7 21. Ne2 Be7 22. f3 Bf6 23. Kf2 Bd7 24. Rae1 Rad8 25. Bc4 Rh8 26. Nf4 Rxh1 27. Rxh1 Nc7 28. Be3 Bc8 29. a4 a5 30. Bb3 b6 31. Rd1 Ne8 32. Bc4 Nd6 33. Bf1 Rh8 34. c4 g5 35. Ng2 Be6 36. b3 Rc8 37. Ne1 g4 38. d5 cxd5 39. cxd5 Bd7 40. Bxb6 gxf3 41. Bxa5 Rb8 42. Bc4 Nxc4 43. bxc4 Bxa4 44. Rc1 Bg5 45. Bc3+ Kg6 46. Ra1 Be8 47. Nxf3 f6 48. Ra6 Rc8 49. Ke2 Kh5 50. Bxf6 Bxf6 51. Rxf6 Rxc4 52. Rxf5+ Kg6 53. Rf8 Re4+ 54. Kd3 Re7 55. Kd4 Kg7 56. Rf4 Ra7 57. Ng5 Ra3 58. g4 Kg6 59. Ne4 Bf7 60. Ke5 Ra5 61. Rf6+ Kg7 62. Rd6 Ra4 63. Rd7 Kg6 64. Rd6+ Kg7 65. g5 Ra1 66. Ng3 Re1+ 67. Kf4 Bg6 68. Nf5+ Kh7 69. Rd7+ Kh8 70. Rd8+ Kh7 71. Rd7+ Kh8 72. Nd6 Kg8 73. Rc7 Kf8 74. Ra7 Re2 75. Ra8+ Ke7 76. Nf5+ Kd7 77. Ra7+ Kd8 78. Ne3 Ke8 79. Rg7 Bf7 80. g6 Bxd5 81. Nxd5 Rf2+ 82. Ke5 Kf8 83. Rc7 Re2+ 84. Kf5 Rf2+ 85. Nf4 Kg8 86. Ke4 1-0

[Event "ESP-chT CECLUB Div2"]
[Site "Linares"]
[Date "2024.08.12"]
[Round "2.7"]
[White "Alfaya Marcelo, Roberto"]
[Black "Lopez Mulet, Inigo"]
[Result "0-1"]
[WhiteElo "2259"]
[BlackElo "2420"]
[PlyCount "68"]
[EventDate "2024.08.11"]
[EventType "team-swiss"]
[EventRounds "7"]
[EventCountry "ESP"]
[SourceTitle "CBM 221 Extra"]
[Source "ChessBase"]
[SourceDate "2024.09.30"]
[SourceVersion "1"]
[SourceVersionDate "2024.09.30"]
[SourceQuality "1"]
[WhiteTeam "San Sebastian de los Reyes"]
[BlackTeam "Silla Integrant II"]
[WhiteTeamCountry "ESP"]
[BlackTeamCountry "ESP"]

1. d4 f5 2. Nf3 Nf6 3. c4 e6 4. g3 d5 5. Bg2 Be7 6. 0-0 Ne4 7. Nc3 c6 8. Qb3 Nd7 9. Be3 0-0 10. Rad1 Bf6 11. Ne1 Nd6 12. cxd5 exd5 13. Nxd5 cxd5 14. Qxd5+ Nf7 15. Qxf5 Nb6 16. Qd3 Be6 17. b3 Qd7 18. Be4 g6 19. Bc1 a5 20. Bb2 a4 21. Bxg6 Ng5 22. h4 Nh3+ 23. Kg2 hxg6 24. Qxg6+ Qg7 25. Qxg7+ Bxg7 26. Nd3 Nd5 27. Rc1 axb3 28. a3 Bh6 29. Rc5 b6 30. Rb5 Rf5 31. e4 Ndf4+ 32. gxf4 Rxb5 33. f5 Bxf5 34. exf5 Rxf5 0-1

[Event "Valencia Cuna op 5th"]
[Site "Valencia"]
[Date "2024.07.14"]
[Round "9"]
[White "Lopez Mulet, Inigo"]
[Black "Minzer, Claudio Javier"]
[Result "1-0"]
[WhiteElo "2417"]
[BlackElo "2405"]
[PlyCount "63"]
[EventDate "2024.07.06"]
[EventType "swiss"]
[EventRounds "9"]
[EventCountry "ESP"]
[SourceTitle "CBM 221 Extra"]
[Source "ChessBase"]
[SourceDate "2024.09.30"]
[SourceVersion "1"]
[SourceVersionDate "2024.09.30"]
[SourceQuality "1"]

1. d4 d5 2. c4 e6 3. Nf3 Nf6 4. g3 Be7 5. Bg2 0-0 6. 0-0 dxc4 7. Qc2 b5 8. Nc3 b4 9. Ne4 Nxe4 10. Qxe4 c6 11. h4 a5 12. Ne5 Ba6 13. Rd1 Ra7 14. h5 Qe8 15. Qg4 f5 16. Qh3 Bf6 17. e4 c5 18. exf5 Bxe5 19. dxe5 Rxf5 20. h6 Rd7 21. Bf4 Rd4 22. Rxd4 cxd4 23. Be4 Rh5 24. Qg4 g6 25. Qf3 Qf7 26. Rd1 d3 27. b3 g5 28. bxc4 Bxc4 29. Rc1 gxf4 30. Rxc4 Nd7 31. Rc8+ Nf8 32. Qg4+ 1-0

[Event "Valencia Cuna op 5th"]
[Site "Valencia"]
[Date "2024.07.13"]
[Round "8"]
[White "Khamrakulov, Ibragim S"]
[Black "Lopez Mulet, Inigo"]
[Result "1/2-1/2"]
[WhiteElo "2392"]
[BlackElo "2417"]
[PlyCount "60"]
[EventDate "2024.07.06"]
[EventType "swiss"]
[EventRounds "9"]
[EventCountry "ESP"]
[SourceTitle "CBM 221 Extra"]
[Source "ChessBase"]
[SourceDate "2024.09.30"]
[SourceVersion "1"]
[SourceVersionDate "2024.09.30"]
[SourceQuality "1"]

1. e4 c5 2. c3 Nf6 3. e5 Nd5 4. Nf3 Nc6 5. d4 cxd4 6. Bc4 Nb6 7. Bb3 d5 8. exd6 Qxd6 9. Na3 a6 10. Nxd4 Nxd4 11. cxd4 Be6 12. 0-0 Bd5 13. Bxd5 Qxd5 14. Nc2 g6 15. Ne3 Qd6 16. Qf3 Bg7 17. Qxb7 0-0 18. Rd1 Bxd4 19. Bd2 Rfb8 20. Qf3 Bxb2 21. Bc3 Qa3 22. Bxb2 Qxb2 23. Rab1 Qf6 24. Qxf6 exf6 25. h4 Na4 26. Rbc1 Kg7 27. Rd4 Nb2 28. Rc7 Rd8 29. Re4 Re8 30. Rd4 Rad8 1/2-1/2

[Event "Valencia Cuna op 5th"]
[Site "Valencia"]
[Date "2024.07.12"]
[Round "7"]
[White "Lopez Mulet, Inigo"]
[Black "Kowalski, Igor"]
[Result "1-0"]
[WhiteElo "2417"]
[BlackElo "2372"]
[PlyCount "41"]
[EventDate "2024.07.06"]
[EventType "swiss"]
[EventRounds "9"]
[EventCountry "ESP"]
[SourceTitle "CBM 221 Extra"]
[Source "ChessBase"]
[SourceDate "2024.09.30"]
[SourceVersion "1"]
[SourceVersionDate "2024.09.30"]
[SourceQuality "1"]

1. d4 Nf6 2. c4 e6 3. g3 c5 4. Nf3 cxd4 5. Nxd4 d5 6. Bg2 e5 7. Nf3 d4 8. 0-0 Nc6 9. e3 Bc5 10. exd4 exd4 11. Nbd2 0-0 12. Nb3 Qb6 13. Bg5 Ne4 14. Re1 Nxg5 15. Nxg5 h6 16. Qh5 Bb4 17. Nxf7 Rxf7 18. Bd5 Qc7 19. Re8+ Bf8 20. Rae1 Nb4 21. R1e7 1-0

[Event "San Vicente op 8th"]
[Site "San Vicente"]
[Date "2024.03.29"]
[Round "4"]
[White "Piorun, Kacper"]
[Black "Lopez Mulet, Inigo"]
[Result "1-0"]
[WhiteElo "2599"]
[BlackElo "2423"]
[PlyCount "65"]
[EventDate "2024.03.27"]
[EventType "swiss"]
[EventRounds "9"]
[EventCountry "ESP"]
[SourceTitle "CBM 219 Extra"]
[Source "ChessBase"]
[SourceDate "2024.05.31"]
[SourceVersion "1"]
[SourceVersionDate "2024.05.31"]
[SourceQuality "1"]

1. e4 e6 2. d4 d5 3. exd5 exd5 4. Nf3 Nc6 5. h3 Bd6 6. c4 dxc4 7. Bxc4 Nf6 8. 0-0 0-0 9. Nc3 h6 10. Qc2 Na5 11. Bd3 Be6 12. Re1 Re8 13. Bd2 Nc6 14. a3 Ne7 15. Ne5 Ned5 16. Na4 Nb6 17. Nc5 Bd5 18. Re3 Rb8 19. Rae1 c6 20. b4 Re7 21. Qd1 Qc7 22. Rg3 Ne8 23. Qh5 f6 24. Qxh6 fxe5 25. Qh7+ Kf8 26. Qh8+ Bg8 27. Rf3+ Nf6 28. Rxf6+ Rf7 29. Ne6+ Ke7 30. Nxc7 gxf6 31. dxe5 fxe5 32. Rxe5+ Kd7 33. Re8 1-0

[Event "Titled Tuesday intern op 10th Oct Early"]
[Site "Chess.com INT"]
[Date "2023.10.10"]
[Round "2"]
[White "Lopez Mulet, Inigo"]
[Black "Mikaelyan, Arman"]
[Result "1-0"]
[WhiteElo "2414"]
[BlackElo "2526"]
[PlyCount "137"]
[EventDate "2023.10.10"]
[EventType "swiss (blitz)"]
[EventRounds "11"]
[EventCountry "USA"]
[SourceTitle "EXT 2025"]
[Source "ChessBase"]
[SourceDate "2024.10.14"]
[SourceVersion "1"]
[SourceVersionDate "2024.10.14"]
[SourceQuality "1"]

1. e4 e5 2. Nf3 Nc6 3. Nc3 Nf6 4. g3 Bc5 5. Bg2 d6 6. 0-0 a5 7. d3 a4 8. a3 h6 9. Be3 0-0 10. Qd2 Bxe3 11. Qxe3 Bg4 12. Ne2 Qd7 13. c3 Rfe8 14. Rfe1 Bh3 15. Rad1 Bxg2 16. Kxg2 d5 17. Nh4 d4 18. cxd4 exd4 19. Qd2 Ne5 20. Rc1 b6 21. Nf5 c5 22. h3 g6 23. Qxh6 gxf5 24. Qxf6 fxe4 25. Nf4 Qc6 26. Qxc6 Nxc6 27. dxe4 Ne5 28. Nd5 Kg7 29. Re2 Rab8 30. f4 Nc6 31. Kf3 Na5 32. g4 Nb3 33. Rg1 d3 34. Rh2 Rbd8 35. f5 Nd4+ 36. Kf4 f6 37. h4 Ne2+ 38. Rxe2 dxe2 39. Re1 c4 40. g5 b5 41. gxf6+ Kf7 42. Kf3 Rxd5 43. exd5 b4 44. axb4 c3 45. bxc3 a3 46. d6 a2 47. d7 Rd8 48. Kxe2 Rxd7 49. Ra1 Ra7 50. Kd3 Kxf6 51. b5 Kxf5 52. c4 Ke5 53. h5 Ra3+ 54. Kc2 Kd4 55. Kb2 Rh3 56. b6 Kxc4 57. Kxa2 Rh2+ 58. Ka3 Rh3+ 59. Ka4 Rxh5 60. b7 Rh8 61. Rc1+ Kd5 62. Rc8 Rh4+ 63. Ka5 Rh1 64. b8Q Ra1+ 65. Kb6 Rb1+ 66. Kc7 Rc1+ 67. Kd7 Rd1 68. Qd6+ Ke4 69. Qxd1 1-0

[Event "Titled Tuesday intern op 10th Oct Early"]
[Site "Chess.com INT"]
[Date "2023.10.10"]
[Round "5"]
[White "Swicarz, Maciej"]
[Black "Lopez Mulet, Inigo"]
[Result "1-0"]
[WhiteElo "2259"]
[BlackElo "2414"]
[PlyCount "167"]
[EventDate "2023.10.10"]
[EventType "swiss (blitz)"]
[EventRounds "11"]
[EventCountry "USA"]
[SourceTitle "EXT 2025"]
[Source "ChessBase"]
[SourceDate "2024.10.14"]
[SourceVersion "1"]
[SourceVersionDate "2024.10.14"]
[SourceQuality "1"]

1. e4 d6 2. d4 Nf6 3. Nc3 Nbd7 4. Be3 e5 5. Nge2 Be7 6. h3 c6 7. Qd2 Qa5 8. 0-0-0 Nb6 9. Ng3 Be6 10. Kb1 0-0 11. Nd5 Qa4 12. b3 Qa3 13. Nxe7+ Kh8 14. Nef5 a5 15. Qc1 Qxc1+ 16. Bxc1 a4 17. Bb2 axb3 18. axb3 exd4 19. Bxd4 c5 20. Bb2 d5 21. exd5 Nbxd5 22. Bc4 b5 23. Bxd5 Nxd5 24. Bxg7+ Kg8 25. Bxf8 Kxf8 26. Rxd5 Bxd5 27. Ne3 Be6 28. Rd1 c4 29. bxc4 bxc4 30. Rd4 c3 31. Ne4 Ra3 32. Nd5 f5 33. Nexc3 Kf7 34. Kb2 Ra5 35. Nf4 Bc8 36. Rc4 Ba6 37. Rc7+ Kf6 38. Rxh7 Bf1 39. h4 Ra8 40. Rh6+ Ke5 41. g3 Rb8+ 42. Kc1 Kd4 43. Nce2+ Ke4 44. Re6+ Kf3 45. Nd4+ Kxf2 46. Nfe2 Bh3 47. Rf6 Ke3 48. h5 Bg4 49. h6 Rh8 50. Re6+ Kf2 51. Nf4 Rd8 52. Nd3+ Kxg3 53. Nc6 Rh8 54. Nce5 Bh3 55. Nf7 Rh7 56. Rg6+ Kh4 57. Ng5 Rh8 58. Nxh3 Kxh3 59. Rf6 Kg4 60. Ne5+ Kh3 61. Rg6 f4 62. Nf7 Ra8 63. h7 f3 64. h8Q+ Rxh8 65. Nxh8 f2 66. Rf6 Kg2 67. Rxf2+ Kxf2 68. Kd2 Kf3 69. Kd3 Kf4 70. Kd4 Kf5 71. Kd5 Kf6 72. c4 Ke7 73. Kc6 Kd8 74. Kb7 Kd7 75. c5 Ke6 76. c6 Kf6 77. c7 Kg7 78. c8Q Kh7 79. Qd7+ Kg8 80. Qc7 Kxh8 81. Kc6 Kg8 82. Kd6 Kh8 83. Ke6 Kg8 84. Kf6 1-0

[Event "Titled Tuesday intern op 19th Sep Late"]
[Site "Chess.com INT"]
[Date "2023.09.19"]
[Round "7"]
[White "Dyachuk, Artem"]
[Black "Lopez Mulet, Inigo"]
[Result "1-0"]
[WhiteElo "2236"]
[BlackElo "2414"]
[PlyCount "133"]
[EventDate "2023.09.19"]
[EventType "swiss (blitz)"]
[EventRounds "11"]
[EventCountry "USA"]
[SourceTitle "EXT 2024"]
[Source "ChessBase"]
[SourceDate "2023.10.10"]
[SourceVersion "1"]
[SourceVersionDate "2023.10.10"]
[SourceQuality "1"]

1. e4 g6 2. d4 Bg7 3. Nc3 c5 4. d5 e5 5. Be3 d6 6. h4 h6 7. Qd2 Ne7 8. Nge2 f5 9. f3 f4 10. Bf2 g5 11. hxg5 hxg5 12. Rxh8+ Bxh8 13. 0-0-0 Na6 14. g3 Bd7 15. Bg2 Qa5 16. Rh1 0-0-0 17. Rh7 Re8 18. Qe1 b5 19. Qh1 Bf6 20. Qh6 Ng8 21. Qg6 b4 22. Bh3 Rd8 23. Rxd7 Rxd7 24. Qxg8+ Bd8 25. Qe8 Nb8 26. Nb1 Qxa2 27. gxf4 exf4 28. e5 dxe5 29. Bxc5 Qxd5 30. Bxd7+ Nxd7 31. Be7 Nb6 32. Bxd8 Qxd8 33. Qxe5 Kb7 34. Qe4+ Qd5 35. Qxd5+ Nxd5 36. Nd2 a5 37. Ne4 g4 38. fxg4 f3 39. N2g3 Ne3 40. g5 Ng4 41. g6 Kc6 42. g7 Nh6 43. Kd2 Kd5 44. Ke3 f2 45. Kxf2 a4 46. Ke3 a3 47. bxa3 bxa3 48. Kd3 a2 49. Nc3+ Ke5 50. Nxa2 Kf6 51. Nh5+ Kg6 52. c4 Kh7 53. c5 Nf7 54. c6 Ne5+ 55. Ke4 Nxc6 56. Kf5 Ne7+ 57. Kf6 Ng8+ 58. Kf7 Nh6+ 59. Kf8 Ng8 60. Nb4 Nh6 61. Nf6+ Kg6 62. Ng4 Kh7 63. Nxh6 Kxh6 64. g8Q Kh5 65. Qg3 Kh6 66. Qg4 Kh7 67. Qh5# 1-0

[Event "Titled Tuesday intern op 19th Sep Late"]
[Site "Chess.com INT"]
[Date "2023.09.19"]
[Round "4"]
[White "Lopez Mulet, Inigo"]
[Black "Grigoriants, Sergey"]
[Result "0-1"]
[WhiteElo "2414"]
[BlackElo "2562"]
[PlyCount "56"]
[EventDate "2023.09.19"]
[EventType "swiss (blitz)"]
[EventRounds "11"]
[EventCountry "USA"]
[SourceTitle "EXT 2024"]
[Source "ChessBase"]
[SourceDate "2023.10.10"]
[SourceVersion "1"]
[SourceVersionDate "2023.10.10"]
[SourceQuality "1"]

1. e4 c5 2. d4 cxd4 3. c3 dxc3 4. Nxc3 Nc6 5. Nf3 e6 6. Bc4 a6 7. 0-0 Nge7 8. Bg5 b5 9. Bb3 Bb7 10. Nd5 f6 11. Bxf6 gxf6 12. Nh4 Bg7 13. Qh5+ Kf8 14. f4 exd5 15. exd5 Nd4 16. d6 Ng6 17. Rae1 Nxb3 18. axb3 Nxh4 19. Qxh4 Qb6+ 20. Kh1 Qxd6 21. Rd1 Qc6 22. Rf2 Re8 23. Qg4 h5 24. Qg3 h4 25. Qg4 h3 26. Kg1 hxg2 27. h4 Qe6 28. Qg3 Qe1+ 0-1

[Event "Titled Tuesday intern op 19th Sep Late"]
[Site "Chess.com INT"]
[Date "2023.09.19"]
[Round "3"]
[White "Lopez Mulet, Inigo"]
[Black "Zilleruelo Irizarry, Diego"]
[Result "1-0"]
[WhiteElo "2414"]
[BlackElo "2114"]
[PlyCount "79"]
[EventDate "2023.09.19"]
[EventType "swiss (blitz)"]
[EventRounds "11"]
[EventCountry "USA"]
[SourceTitle "EXT 2024"]
[Source "ChessBase"]
[SourceDate "2023.10.10"]
[SourceVersion "1"]
[SourceVersionDate "2023.10.10"]
[SourceQuality "1"]

1. e4 c6 2. c3 d5 3. exd5 cxd5 4. Nf3 Nf6 5. d4 Nc6 6. Bd3 Bg4 7. 0-0 e6 8. h3 Bh5 9. Nbd2 Bd6 10. Qb3 Qc7 11. Re1 0-0 12. a4 a6 13. Qd1 e5 14. dxe5 Nxe5 15. Be2 Bg6 16. Nxe5 Bxe5 17. Nf3 Bd6 18. Nd4 Rad8 19. Bf3 Ne4 20. Bxe4 dxe4 21. Bg5 Rd7 22. Qb3 Bc5 23. Be3 Rfd8 24. Rad1 Qe5 25. g3 Qh5 26. Kg2 Bf5 27. g4 Bxg4 28. hxg4 Qxg4+ 29. Kf1 Qh3+ 30. Ke2 Qg4+ 31. Kd2 Bxd4 32. Bxd4 Qf4+ 33. Kc2 Rxd4 34. cxd4 Qxf2+ 35. Kb1 h5 36. Rf1 Qg3 37. Qxf7+ Kh8 38. Qxh5+ Kg8 39. Qf7+ Kh8 40. Rh1+ 1-0